| 000 | 00000nam##2200000za#4500 |
| 001 | 9.695484 |
| 003 | CaOODSP |
| 005 | 20210624234610 |
| 007 | cr ||||||||||| |
| 008 | 150407|2011||||xxc|||||o f|0| 0 eng|d |
| 020 | |a978-1-100-19953-5 |
| 040 | |aCaOODSP|beng |
| 043 | |an-cn--- |
| 086 | 1 |aPS4-113/2011E-PDF |
| 110 | 1 |aCanada. |bPublic Safety Canada. |
| 245 | 10|aComprehensive approaches to address street gangs in Canada / |h[electronic resource]|cby Rick Linden. |
| 260 | |aOttawa - Ontario : |bPublic Safety Canada |c2010. |
| 300 | |a29p.|bfig., references |
| 500 | |a«Report no. 014, 2010»--p. 1 of 29. |
| 590 | |a12-05-Supp|b2012-03-02 |
| 720 | 1 |aLinden, Rick |
| 775 | 08|tApproches complètes pour la gestion du problème des gangs de rue au Canada / |w(CaOODSP)9.639621 |
| 856 | 40|ahttp://publications.gc.ca|qPDF|s668 KB|uhttps://publications.gc.ca/collections/collection_2012/sp-ps/PS4-113-2011-eng.pdf |